Statistics for A-Z: A Beatles Song for Each Letter

Click here to take the quiz!

General Stats

  • This quiz has been taken 6,439 times
  • The average score is 15 of 21

Answer Stats

LetterSong% Correct
HHappiness is a Warm Gun/ A Hard Day's Night/ Hello Goodbye/ Help!/ Helter Skelter/ Her Majesty/ Here Comes the Sun/ Here There and Everywhere/ Hey Bulldog/ Hey Jude/ Hold Me Tight/ Honey Don't/ Honey Pie
96%
YYellow Submarine/ Yer Blues/ Yes It Is/ Yesterday/ You Can't Do That/ You Know My Name/ You Like Me Too Much/ You Never Give Me Your Money/ You Won't See Me/ Your Mother Should Know/ You're Going to Lose That Girl/ You've Got to Hide Your Love Away/ You've Really Got a Hold on Me
92%
LLady Madonna/ Let It Be/ Little Child/ The Long and Winding Road/ Long Tall Sally/ Long, Long, Long/ Love Me Do/ Love You To/ Lovely Rita/ Lucy in the Sky With Diamonds
90%
II Am the Walrus/ I Call Your Name/ I Don't Want to Spoil the Party/ I Feel Fine/ I Me Mine/ I Need You/ I Saw Her Standing There/ I Should Have Known Better/ I Wanna Be Your Man/ I Want to Hold Your Hand/ I Want to Tell You/ I Want You/ I Will/ If I Fell/ If I Needed Someone/ I'll Be Back/ I'll Cry Instead/ I'll Follow the Sun/ I'll Get You/ I'm a Loser/ I'm Down/ I'm Happy Just to Dance With You/ I'm Looking Through You/ I'm Only Sleeping/ I'm So Tired/ I've Got a Feeling/ I've Just Seen a Face/ In My Life/ The Inner Light/ It Won't Be Long/ It's All Too Much/ It's Only Love
84%
SSavoy Truffle/ Sexy Sadie/ Sgt. Pepper's Lonely Hearts Club Band/ Sergeant Pepper/ Sgt Pepper/ She Came In Through the Bathroom Window/ She Loves You/ She Said She Said/ She's a Woman/ She's Leaving Home/ Sie liebt dich/ Slow Down/ Something/ Strawberry Fields Forever/ Sun King
84%
EEight Days a Week/ Eleanor Rigby/ The End/ Every Little Thing/ Everybody's Got Something to Hide Except Me and My Monkey/ Everybody's Trying to Be My Baby
83%
BBaby It's You/ Baby You're a Rich Man/ Baby's in Black/ Back in the USSR/ Bad Boy/ The Ballad of John and Yoko/ Because/ Being for the Benefit of Mr. Kite/ Birthday/ Blackbird/ Blue Jay Way/ Boys
80%
PPaperback Writer/ Penny Lane/ Piggies/ Please Mr. Postman/ Please Please Me/ Polythene Pam/ P.S. I Love You
79%
DA Day in the Life/ Day Tripper/ Dear Prudence/ Devil in Her Heart/ Dig a Pony/ Dig It/ Dizzy Miss Lizzy/ Do You Want to Know a Secret/ Doctor Robert/ Don't Bother Me/ Don't Let Me Down/ Don't Pass Me By/ Drive My Car
76%
AAcross the Universe/ Act Naturally/ All I've Got to Do/ All My Loving/ All Together Now/ All You Need Is Love/ And I Love Her/ And Your Bird Can Sing/ Anna/ Another Girl/ Any Time at All/ Ask Me Why
74%
CCan't Buy Me Love/ Carry That Weight/ Chains/ Come Together/ The Continuing Story of Bungalow Bill/ Cry Baby Cry
72%
MMaggie Mae/ Magical Mystery Tour/ Martha My Dear/ Matchbox/ Maxwell's Silver Hammer/ Mean Mr. Mustard/ Michelle/ Misery/ Money/ Mother Nature's Son/ Mr. Moonlight
71%
TA Taste of Honey/ Taxman/ Tell Me What You See/ Tell Me Why/ Thank You Girl/ There's a Place/ Things We Said Today/ Think For Yourself/ This Boy/ Ticket to Ride/ 'Till There Was You/ Tomorrow Never Knows/ Twist and Shout/ Two of Us
70%
OOb-La-Di, Ob-La-Da/ Octopus's Garden/ Oh! Darling/ Old Brown Shoe/ One After 909/ Only a Northern Song
70%
GGet Back/ Getting Better/ Girl/ Glass Onion/ Golden Slumbers/ Good Day Sunshine/ Good Morning/ Good Night/ Got to Get You Into My Life
69%
WWait/ We Can Work It Out/ What Goes On/ What You're Doing/ When I Get Home/ When I'm Sixty-Four/ While My Guitar Gently Weeps/ Why Don't We Do It in the Road?/ Wild Honey Pie/ With a Little Help from My Friends/ Within You Without You/ The Word/ Words of Love
68%
RRain/ Revolution/ Revolution 1/ Revolution 9/ Rock and Roll Music/ Rocky Raccoon/ Roll Over Beethoven/ Run for Your Life
63%
NThe Night Before/ No Reply/ Norwegian Wood/ Not a Second Time/ Nowhere Man
61%
FFixing a Hole/ Flying/ The Fool on the Hill/ For No One/ For You Blue/ From Me to You
55%
JJulia
38%
KKansas City/ Komm, gib mir deine Hand
21%

Score Distribution

Percentile by Number Answered

Percent of People with Each Score

Your Score History

You have not taken this quiz